<?xml version="1.0" encoding="UTF-8"?><record xmlns="http://www.loc.gov/MARC21/slim" xmlns:zs="http://docs.oasis-open.org/ns/search-ws/sruResponse">
  <leader>02797cas a2200553 i 4500</leader>
  <controlfield tag="001">18971547</controlfield>
  <controlfield tag="008">940615d19001909orucr ne      0   a0eng c</controlfield>
  <controlfield tag="005">20250630031547.8</controlfield>
  <datafield ind1=" " ind2=" " tag="010">
    <subfield code="a">sn 93051660 </subfield>
  </datafield>
  <datafield ind1="0" ind2=" " tag="022">
    <subfield code="a">2470-7945</subfield>
    <subfield code="2">1</subfield>
  </datafield>
  <datafield ind1=" " ind2=" " tag="035">
    <subfield code="a">(OCoLC)30613075</subfield>
  </datafield>
  <datafield ind1=" " ind2=" " tag="040">
    <subfield code="a">CUY</subfield>
    <subfield code="b">eng</subfield>
    <subfield code="e">rda</subfield>
    <subfield code="c">CNK</subfield>
    <subfield code="d">OCN</subfield>
    <subfield code="d">OCLCQ</subfield>
    <subfield code="d">ORU</subfield>
    <subfield code="d">OCLCQ</subfield>
    <subfield code="d">ORU</subfield>
    <subfield code="d">OCLCF</subfield>
    <subfield code="d">OCLCO</subfield>
    <subfield code="d">DLC</subfield>
    <subfield code="d">ORU</subfield>
    <subfield code="d">OCLCQ</subfield>
    <subfield code="d">OCLCL</subfield>
    <subfield code="d">ORU</subfield>
    <subfield code="d">OCLCL</subfield>
  </datafield>
  <datafield ind1=" " ind2=" " tag="042">
    <subfield code="a">pcc</subfield>
    <subfield code="a">nsdp</subfield>
  </datafield>
  <datafield ind1=" " ind2=" " tag="043">
    <subfield code="a">n-us-or</subfield>
  </datafield>
  <datafield ind1="0" ind2="0" tag="050">
    <subfield code="a">Newspaper</subfield>
  </datafield>
  <datafield ind1="0" ind2="0" tag="082">
    <subfield code="a">071</subfield>
    <subfield code="2">23</subfield>
    <subfield code="1">https://id.oclc.org/worldcat/ddc/E4dfHGhx3CP9J6H88DhYHkwpGh</subfield>
  </datafield>
  <datafield ind1="0" ind2=" " tag="130">
    <subfield code="a">Corvallis gazette (Corvallis, Or. : 1900)</subfield>
  </datafield>
  <datafield ind1=" " ind2="0" tag="222">
    <subfield code="a">Corvallis gazette</subfield>
    <subfield code="b">(Corvallis, Or. 1900. Print)</subfield>
  </datafield>
  <datafield ind1="1" ind2="0" tag="245">
    <subfield code="a">Corvallis gazette.</subfield>
  </datafield>
  <datafield ind1="1" ind2="3" tag="246">
    <subfield code="a">Corvallis semi-weekly gazette</subfield>
  </datafield>
  <datafield ind1="1" ind2="3" tag="246">
    <subfield code="a">Corvallis gazette semi-weekly</subfield>
  </datafield>
  <datafield ind1="1" ind2="3" tag="246">
    <subfield code="a">Corvallis weekly gazette</subfield>
  </datafield>
  <datafield ind1="1" ind2="3" tag="246">
    <subfield code="a">Corvallis gazette weekly</subfield>
  </datafield>
  <datafield ind1=" " ind2="1" tag="264">
    <subfield code="a">Corvallis, Benton County, Oregon :</subfield>
    <subfield code="b">[publisher not identified],</subfield>
    <subfield code="c">1900-1909.</subfield>
  </datafield>
  <datafield ind1=" " ind2=" " tag="300">
    <subfield code="a">11 volumes</subfield>
  </datafield>
  <datafield ind1=" " ind2=" " tag="310">
    <subfield code="a">Semiweekly</subfield>
  </datafield>
  <datafield ind1=" " ind2=" " tag="336">
    <subfield code="a">text</subfield>
    <subfield code="b">txt</subfield>
    <subfield code="2">rdacontent</subfield>
  </datafield>
  <datafield ind1=" " ind2=" " tag="337">
    <subfield code="a">unmediated</subfield>
    <subfield code="b">n</subfield>
    <subfield code="2">rdamedia</subfield>
  </datafield>
  <datafield ind1=" " ind2=" " tag="338">
    <subfield code="a">volume</subfield>
    <subfield code="b">nc</subfield>
    <subfield code="2">rdacarrier</subfield>
  </datafield>
  <datafield ind1="1" ind2=" " tag="362">
    <subfield code="a">Began with Vol. 37, no. 18 (April 27, 1900), ceased with vol. 47, no. 38 (April 30, 1909).</subfield>
  </datafield>
  <datafield ind1=" " ind2=" " tag="500">
    <subfield code="a">"Semi-weekly" appears below masthead ornament on Tuesdays and "Weekly" appears below masthead ornament on Fridays until &lt;February, 1904&gt;.</subfield>
  </datafield>
  <datafield ind1=" " ind2=" " tag="515">
    <subfield code="a">Some irregularities in numbering.</subfield>
  </datafield>
  <datafield ind1=" " ind2=" " tag="530">
    <subfield code="a">Also issued on microfilm from University of Oregon.</subfield>
  </datafield>
  <datafield ind1=" " ind2=" " tag="530">
    <subfield code="a">Archived issues are available in digital format as part of the Historic Oregon Newspaper online collection.</subfield>
  </datafield>
  <datafield ind1=" " ind2=" " tag="530">
    <subfield code="a">Archived issues are available in digital format from the Library of Congress Chronicling America online collection.</subfield>
  </datafield>
  <datafield ind1="0" ind2=" " tag="588">
    <subfield code="a">Vol. 37, no. 18 (April 27, 1900); title from masthead.</subfield>
  </datafield>
  <datafield ind1="1" ind2=" " tag="588">
    <subfield code="a">Vol. 47, no. 38 (April 30, 1909).</subfield>
  </datafield>
  <datafield ind1=" " ind2="0" tag="651">
    <subfield code="a">Corvallis (Or.)</subfield>
    <subfield code="v">Newspapers.</subfield>
  </datafield>
  <datafield ind1=" " ind2="7" tag="651">
    <subfield code="a">Oregon</subfield>
    <subfield code="z">Corvallis.</subfield>
    <subfield code="2">fast</subfield>
    <subfield code="0">(OCoLC)fst01205176</subfield>
    <subfield code="1">https://id.oclc.org/worldcat/entity/E39PBJccgx7h4t7Vj6JTVWPbBP</subfield>
  </datafield>
  <datafield ind1=" " ind2="7" tag="655">
    <subfield code="a">Newspapers.</subfield>
    <subfield code="2">fast</subfield>
    <subfield code="0">(OCoLC)fst01423814</subfield>
  </datafield>
  <datafield ind1=" " ind2="7" tag="655">
    <subfield code="a">Serial publications.</subfield>
    <subfield code="2">lcgft</subfield>
  </datafield>
  <datafield ind1=" " ind2="7" tag="655">
    <subfield code="a">Newspapers.</subfield>
    <subfield code="2">lcgft</subfield>
  </datafield>
  <datafield ind1=" " ind2=" " tag="752">
    <subfield code="a">United States</subfield>
    <subfield code="b">Oregon</subfield>
    <subfield code="c">Benton</subfield>
    <subfield code="d">Corvallis.</subfield>
  </datafield>
  <datafield ind1="0" ind2="8" tag="776">
    <subfield code="i">Online version:</subfield>
    <subfield code="t">Corvallis gazette (Corvallis, Or. : 1900)</subfield>
    <subfield code="x">2470-7953</subfield>
    <subfield code="w">(DLC)  2015270858</subfield>
    <subfield code="w">(OCoLC)938005918</subfield>
  </datafield>
  <datafield ind1="0" ind2="0" tag="780">
    <subfield code="t">Union gazette (Corvallis, Or.)</subfield>
    <subfield code="w">(DLC)sn 93051659</subfield>
    <subfield code="w">(OCoLC)30613085</subfield>
  </datafield>
  <datafield ind1="0" ind2="0" tag="785">
    <subfield code="t">Corvallis weekly gazette</subfield>
    <subfield code="w">(DLC)sn 96088338</subfield>
    <subfield code="w">(OCoLC)36710843</subfield>
  </datafield>
  <datafield ind1="4" ind2="1" tag="859">
    <subfield code="u">http://bibpurl.oclc.org/web/98261</subfield>
    <subfield code="z">View at Historic Oregon Newspapers</subfield>
  </datafield>
  <datafield ind1="4" ind2="1" tag="859">
    <subfield code="3">1900-1908</subfield>
    <subfield code="u">http://www.loc.gov/chroniclingamerica/lccn/sn93051660/issues</subfield>
    <subfield code="z">View at Chronicling America</subfield>
  </datafield>
  <datafield ind1="4" ind2="1" tag="859">
    <subfield code="u">https://oregonnews.uoregon.edu/lccn/sn93051660/</subfield>
    <subfield code="z">URL at time of PURL creation, June 6, 2024</subfield>
  </datafield>
</record>
